| 000 | 01602cam a22003975a 4500 | ||
|---|---|---|---|
| 999 |
_c15067 _d15067 |
||
| 001 | 13993505 | ||
| 003 | EG-ScBUE | ||
| 005 | 20210131113134.0 | ||
| 008 | 050607s2006 nyua f 000 faeng d | ||
| 020 | _a0446617504 | ||
| 020 | _a9780446617505 | ||
| 035 | _a(OCoLC)ocm60605191 | ||
| 040 |
_aDLC _beng _erda _cDLC _dIG# _dBAKER _dCD5 _dJFN _dVP@ _dEG-ScBUE _dBUR _dDLC |
||
| 043 | _an-us--- | ||
| 082 | 0 | 4 |
_a813.54 _bSHE _222 |
| 100 | 1 |
_aSheldon, Sidney, _eauthor. _922880 |
|
| 245 | 1 | 4 |
_aThe other side of me / _cSidney Sheldon. |
| 250 | _aFirst edition. | ||
| 264 | 1 |
_aNew York, NY : _bWarner Books, _c2006. |
|
| 300 |
_a412 pages, [16] pages of plates : _billustrations ; _c24 cm |
||
| 336 |
_2rdacontent _atext _btxt |
||
| 337 |
_2rdamedia _aunmediated _bn |
||
| 338 |
_2rdacarrier _avolume _bnc |
||
| 520 | _a"Memoir of entertainment legend Sidney Sheldon, now 88 years old, an Academy Award-winning screenwriter and creator of many television hits"--Provided by publisher. | ||
| 590 | _amustafa galal. | ||
| 600 | 1 | 4 |
_aSheldon, Sidney. _922881 |
| 650 | 7 |
_aNovelists, American _y20th century _vBiography. _2BUEsh _922882 |
|
| 650 | 7 |
_aTelevision writers _zUnited States _vBiography. _2BUEsh _922883 |
|
| 650 | 7 |
_aScreenwriters _zUnited States _vBiography. _2BUEsh _922884 |
|
| 651 | _2BUEsh | ||
| 653 |
_cAugust2015 _bHHUUEENN |
||
| 655 |
_vReading book _934232 |
||
| 942 |
_2ddc _cBB |
||